[Event "SVK-chT4 A21 2122"]
[Site "Slovakia"]
[Date "2021.11.14"]
[Round "3.2"]
[White "Visvader, Kristof"]
[Black "Oravec, Pavol"]
[Result "1-0"]
[WhiteElo "1545"]
[BlackElo "1775"]
[PlyCount "57"]
[EventDate "2021.10.17"]
[EventType "team-tourn"]
[EventRounds "11"]
[EventCountry "SVK"]
[SourceTitle "EXT 2023"]
[Source "ChessBase"]
[SourceDate "2022.10.05"]
[SourceVersion "1"]
[SourceVersionDate "2022.10.05"]
[SourceQuality "1"]
[WhiteTeam "Borsky Mikulas"]
[BlackTeam "Piestany Kupele III"]
[WhiteTeamCountry "SVK"]
[BlackTeamCountry "SVK"]

1. e4 e6 2. d4 d5 3. e5 c5 4. c3 Nc6 5. Nf3 Qb6 6. Bd3 Bd7 7. Bc2 cxd4 8. cxd4 Bb4+ 9. Nc3 Nge7 10. 0-0 Ng6 11. Na4 Qc7 12. a3 Be7 13. b4 Rc8 14. Ra2 b6 15. Bb3 Qd8 16. Be3 Nh4 17. Rc2 Nxf3+ 18. Qxf3 Bg5 19. Qg4 Bh6 20. Rd1 Ne7 21. Bxh6 gxh6 22. Qg7 Rg8 23. Qxh6 Nf5 24. Qxh7 Qg5 25. Rxc8+ Bxc8 26. Qh3 Ba6 27. Nc3 Nh4 28. Qg3 Nxg2 29. Kxg2 1-0

[Event "SVK-chT2C 10/11"]
[Site "Slovakia"]
[Date "2010.10.24"]
[Round "2.1"]
[White "Rogos, Jan"]
[Black "Oravec, Pavol"]
[Result "1-0"]
[WhiteElo "1886"]
[BlackElo "1872"]
[PlyCount "91"]
[EventDate "2010.10.23"]
[EventType "team-tourn"]
[EventRounds "11"]
[EventCountry "SVK"]
[SourceTitle "EXT 2019"]
[Source "ChessBase"]
[SourceDate "2018.10.10"]
[SourceVersion "1"]
[SourceVersionDate "2018.10.10"]
[SourceQuality "1"]
[WhiteTeam "Jelsava SK Magnezit"]
[BlackTeam "Banska Bystrica Kurta"]
[WhiteTeamCountry "SVK"]
[BlackTeamCountry "SVK"]

1. e4 e5 2. Nf3 Nf6 3. Nxe5 Qe7 4. Nf3 Nxe4 5. Qe2 d5 6. d3 Nf6 7. Bg5 Be6 8. Nd4 Nbd7 9. Nc3 0-0-0 10. 0-0-0 h6 11. Bf4 a6 12. h3 g5 13. Bh2 Bg7 14. Nf5 Qf8 15. Nxg7 Qxg7 16. Qe3 Ne8 17. Na4 Qf8 18. a3 Rg8 19. g4 Rg6 20. Bg2 b5 21. Nc3 Nb6 22. Ne2 b4 23. a4 a5 24. b3 Qe7 25. Rde1 Qd7 26. Nd4 Kb7 27. Re2 Ka6 28. Rhe1 Kb7 29. Nf3 Qc6 30. Ne5 Qc3 31. Nxg6 Qa1+ 32. Kd2 Qc3+ 33. Kd1 Qa1+ 34. Qc1 Qc3 35. Be5 Qc6 36. Bd4 Nd6 37. Ne5 Qe8 38. Bxb6 Kxb6 39. Bxd5 c5 40. Bxe6 fxe6 41. Nc4+ Kc7 42. Rxe6 Qc6 43. Qe3 Qd5 44. Rxd6 Rxd6 45. Nxd6 Qxd6 46. Qe7+ 1-0

[Event "SVK-chT3C 0203"]
[Site "Slovakia"]
[Date "2003.??.??"]
[Round "?"]
[White "Oravec, Pavol"]
[Black "Gregor, Jozef"]
[Result "0-1"]
[WhiteElo "2070"]
[BlackElo "2082"]
[PlyCount "92"]
[EventDate "2002.10.??"]
[EventType "team"]
[EventRounds "11"]
[EventCountry "SVK"]
[SourceTitle "EXT 2005"]
[Source "ChessBase"]
[SourceDate "2004.11.15"]
[SourceVersion "1"]
[SourceVersionDate "2004.11.15"]
[SourceQuality "1"]

1. Nf3 Nf6 2. d4 e6 3. Bg5 d5 4. c4 Be7 5. Nc3 c6 6. e3 0-0 7. Qc2 Nbd7 8. Bd3 h6 9. Bh4 b6 10. a3 Bb7 11. 0-0 Rc8 12. b4 c5 13. bxc5 dxc4 14. Bxc4 bxc5 15. Rfd1 cxd4 16. Rxd4 Bxf3 17. gxf3 e5 18. Bxf6 exd4 19. Bxe7 Qxe7 20. Ne4 Ne5 21. Bxf7+ Qxf7 22. Qb1 dxe3 23. fxe3 Qxf3 24. Qa2+ Kh8 25. Ng3 Qxe3+ 26. Kg2 Qd3 27. Qe6 Rc2+ 28. Kh3 Qd7 29. Qxd7 Nxd7 30. Rb1 Nc5 31. Rb5 Rf3 32. Ra5 a6 33. Kg4 Rb3 34. h4 Rc4+ 35. Kh5 Rb5 36. Rxb5 axb5 37. Nf5 Ra4 38. Kg6 Rxa3 39. Nxg7 b4 40. h5 b3 41. Kxh6 b2 42. Kg5 b1Q 43. h6 Nd7 44. Kf4 Qb5 45. Nf5 Qe5+ 46. Kg5 Rg3+ 0-1

[Event "SVK-chT2C 9899"]
[Site "Slovakia"]
[Date "1998.??.??"]
[Round "2"]
[White "Oravec, Pavol"]
[Black "Kekely, Lubos"]
[Result "1/2-1/2"]
[WhiteElo "1890"]
[BlackElo "2075"]
[PlyCount "101"]
[EventDate "1998.??.??"]
[EventType "team"]
[EventRounds "11"]
[EventCountry "SVK"]
[SourceTitle "EXT 2000"]
[Source "ChessBase"]
[SourceDate "1999.11.16"]
[SourceVersion "1"]
[SourceVersionDate "1999.11.16"]
[SourceQuality "1"]

1. Nf3 d5 2. d4 Nf6 3. c4 c6 4. Nc3 e6 5. e3 Bd6 6. Bd3 0-0 7. Qc2 h6 8. a3 b6 9. cxd5 cxd5 10. Bd2 Bb7 11. 0-0 Nbd7 12. Rac1 Rc8 13. Qb1 Qe7 14. Nb5 a5 15. Nxd6 Qxd6 16. b4 a4 17. b5 Rxc1 18. Rxc1 Qb8 19. Qb4 Qa8 20. Bc2 Rc8 21. Qxa4 Qxa4 22. Bxa4 Rxc1+ 23. Bxc1 Ne4 24. Bd2 Nxd2 25. Nxd2 Kf8 26. Bd1 Ke7 27. Kf1 Kd6 28. f4 Nf6 29. h3 Ne4 30. Nb1 f6 31. g4 e5 32. Ke2 Bc8 33. Bc2 h5 34. Kf3 hxg4+ 35. hxg4 Bb7 36. a4 exd4 37. exd4 Ke6 38. Bxe4 dxe4+ 39. Ke3 Kd5 40. Nd2 Bc8 41. f5 Bd7 42. Nxe4 Kc4 43. Kf4 Kxd4 44. g5 fxg5+ 45. Nxg5 Kd5 46. Ne4 Kc4 47. f6 gxf6 48. Nxf6 Bh3 49. Ke5 Kb4 50. Nd5+ Kxa4 51. Nxb6+ 1/2-1/2